[Event "Mar del Plata op 40th"]
[Site "Mar del Plata"]
[Date "2009.04.05"]
[Round "1"]
[White "Gomez, Roberto"]
[Black "Fidel, Roberto Oscar"]
[Result "1-0"]
[WhiteElo "1904"]
[BlackElo "2156"]
[PlyCount "43"]
[EventDate "2009.04.05"]
[EventType "swiss"]
[EventRounds "9"]
[EventCountry "ARG"]
[SourceTitle "CBM 129 Extra"]
[Source "ChessBase"]
[SourceDate "2009.05.05"]
[SourceVersion "2"]
[SourceVersionDate "2009.05.20"]
[SourceQuality "1"]

1. d4 Nf6 2. Nf3 e6 3. g3 d5 4. c4 Be7 5. Bg2 0-0 6. 0-0 dxc4 7. Nc3 c5 8. dxc5 Qa5 9. Qc2 Nc6 10. Ne4 Nxe4 11. Qxe4 Qxc5 12. Be3 Qb5 13. Nd4 Nxd4 14. Bxd4 f5 15. Qe3 Bd7 16. Rfd1 Bf6 17. a4 Qb4 18. Bxf6 Rxf6 19. Rxd7 Qxb2 20. Rad1 Rc8 21. Rxb7 Qa2 22. Qxa7 1-0